Statistics for Countries with unique 3-letter blocks only

Click here to take the quiz!

General Stats

  • This quiz has been taken 41 times
  • The average score is 6 of 17

Answer Stats

COUNTRY% Correct
Fiji
62%
Togo
56%
Chad
51%
Zimbabwe
46%
Peru
44%
Samoa
44%
Laos
44%
Tuvalu
41%
Egypt
38%
Gabon
38%
Cuba
36%
Kosovo
31%
Israel
28%
Honduras
23%
Kenya
21%
Cape Verde
18%
Georgia
15%

Score Distribution

Percentile by Number Answered

Percent of People with Each Score

Your Score History

You have not taken this quiz